税とデモクラシー
Kaydedildi:
| Yazar: | |
|---|---|
| Materyal Türü: | Kitap |
| Dil: | Undetermined |
| Baskı/Yayın Bilgisi: |
東京
東洋経済新報社
1984
|
| Konular: | |
| Etiketler: |
Etiketle
Etiket eklenmemiş, İlk siz ekleyin!
|
| Thư viện lưu trữ: | Trung tâm Học liệu Trường Đại học Cần Thơ |
|---|
| LEADER | 00521nam a2200193Ia 4500 | ||
|---|---|---|---|
| 001 | CTU_86084 | ||
| 008 | 210402s9999 xx 000 0 und d | ||
| 082 | |a 336.2 | ||
| 082 | |b F962 | ||
| 100 | |a 福田幸弘(ふくだ ゆきひろ) | ||
| 245 | 0 | |a 税とデモクラシー | |
| 245 | 0 | |c 福田幸弘 | |
| 260 | |a 東京 | ||
| 260 | |b 東洋経済新報社 | ||
| 260 | |c 1984 | ||
| 650 | |a Taxation,Taxation | ||
| 650 | |z Japan | ||
| 904 | |i Ngoc | ||
| 980 | |a Trung tâm Học liệu Trường Đại học Cần Thơ | ||